| 000 | 00674nam a2200193 i 4500 | ||
|---|---|---|---|
| 001 | 149737 | ||
| 003 | ES-MaACL | ||
| 005 | 20230906203232.0 | ||
| 007 | t| | ||
| 008 | 071024s1933 bo ||||1| spa d | ||
| 100 | 1 |
_aVaudry, Juan B. _9113312 |
|
| 245 | 1 | 0 |
_aEstudio sobre la fundación y la ubicación de San Ignacio de Zamucos / _cpor Juan B. Vaudry ; prólogo de Victor Muñoz Reyes. |
| 260 |
_aLa Paz : _bArnó Hermanos, _c1933. |
||
| 300 | _a5, 13 p. | ||
| 500 | _aPrecede al tít.: Centro de Propaganda y Defensa Nacional. | ||
| 700 | 1 |
_aMuñoz Reyes, Víctor. _984483 |
|
| 710 | 2 |
_aCentro de Propaganda y Defensa Nacional. _92722 |
|
| 852 |
_aES-MaACL _j1826-F-11 |
||
| 999 |
_c149737 _d149737 |
||